Sklon k spotrebe, úsporám a investíciám ľudí v dôchodkovom veku diplomová práca

Gespeichert in:
Bibliographische Detailangaben
1. Verfasser: Šereš, Martin
Körperschaft: Národohospodárska fakulta EU. Katedra sociálneho rozvoja a práce
Weitere Verfasser: Sika, Peter, 1975-
Format: Buch
Sprache:Slowakisch
Veröffentlicht: Bratislava 2025
Tags: Tag hinzufügen
Keine Tags, Fügen Sie das erste Tag hinzu!

MARC

LEADER 00000nbm a2200000 4500
001 0309288
005 20260206142725.3
041 0 |a slo 
044 |a SK 
245 1 0 |a Sklon k spotrebe, úsporám a investíciám ľudí v dôchodkovom veku  |b diplomová práca  |c Martin Šereš ; školiteľ: Peter Sika 
264 1 |a Bratislava  |c 2025 
300 |a 67 s. 
100 1 |a Šereš, Martin 
700 1 |a Sika, Peter, 1975- 
710 2 |a Národohospodárska fakulta EU. Katedra sociálneho rozvoja a práce